Toán cao cấp

Sách gồm 3 chương trình bày phương trình vi phân, nhập môn hình học vi phân và dạng vi phân, tích phân dạng vi phân.

Đã lưu trong:
Bibliografiske detaljer
Hovedforfatter: Nguyễn, Văn Khuê
Format: Bog
Sprog:Undetermined
Udgivet: Hà Nội Giáo dục 1997
Fag:
Tags: Tilføj Tag
Ingen Tags, Vær først til at tagge denne postø!
Thư viện lưu trữ: Trung tâm Học liệu Trường Đại học Cần Thơ
LEADER 00730nam a2200205Ia 4500
001 CTU_22053
008 210402s9999 xx 000 0 und d
020 |c 16000 
082 |a 515 
082 |b Kh507/T.3 
100 |a Nguyễn, Văn Khuê 
245 0 |a Toán cao cấp 
245 0 |c Nguyễn Văn Khuê ...[et al.] 
260 |a Hà Nội 
260 |b Giáo dục 
260 |c 1997 
520 |a Sách gồm 3 chương trình bày phương trình vi phân, nhập môn hình học vi phân và dạng vi phân, tích phân dạng vi phân. 
650 |a Differential equation,Mathematical analysis 
904 |i Trọng Hải 
980 |a Trung tâm Học liệu Trường Đại học Cần Thơ